00511nam a2200133 a 4500008004100000050002000041110006700061245010400128260003800232300000900270350000900279500004500288650004400333090518s1975 ||||||||||||||||| || u aGOV.ZAM.H6(058) aGovernment of the Republic of Zambia. Ministry of Home Affairs10aMinistry of home affairs department of national registration annual report (1975, 1977, 1978, 1980) aLusaka:bGovernment Printerc1975 a17p. a0.00 aLIBRARY HOLDINGS: 1975, 1977, 1978, 1980 aMINISTRY OF HOME AFFAIRS--ANNUAL REPORT